00445nam a2200121Ia 4500008004100000024005300041082001900094100008300113245004200196260002500238600002700263650003300290250506s9999 xx 000 0 und d a09B-140-EE, 10B-54-EE, 10B-69-EE & 10B-77-EE a629.231072 SYE aSyed Muhammad Moiz, Muhammad Salik, Muhammad Faizan Ahmed & Syed Fayyaz ul Haq 0aUGCV (Unmanned Ground Combat Vehicle) aKarachi:bUIT,c2010 aElectronic Engineering aBachelor of Engineering (BE)